[Event "I Trofeo Antica Scuola Napoletana"]
[Site "Napoli "]
[Date "2013.03.07"]
[Round "3"]
[White "Capone, Vincenzo"]
[Black "Auletta, Angelo"]
[Result "1/2-1/2"]
[WhiteElo "2185"]
[BlackElo "2197"]
[PlyCount "69"]
[EventDate "2013.02.21"]
[EventType "swiss"]
[EventRounds "7"]
[EventCountry "ITA"]
[SourceDate "2005.09.12"]

1. e4 e5 2. Nf3 Nc6 3. Bb5 a6 4. Ba4 Nf6 5. O-O Be7 6. Re1 b5 7. Bb3 O-O 8. d3
d6 9. c3 Na5 10. Bc2 c5 11. Nbd2 Nc6 12. Nf1 Re8 13. h3 Qc7 14. Ne3 Bf8 15. Nh2
Be6 16. Nhg4 Nxg4 17. hxg4 Ne7 18. Bb3 Qd7 19. Bd5 Bxd5 20. Nxd5 Nxd5 21. exd5
f5 22. gxf5 Qxf5 23. Re4 h5 24. Qe2 Be7 25. Bd2 Qf7 26. c4 Bf6 27. g4 Qg6 28.
Kh2 hxg4 29. Rxg4 Qf5 30. f3 Kf7 31. Kg2 Rh8 32. Rg1 Rh5 33. Qe4 Rah8 34. Qxf5
Rxf5 35. Be3 1/2-1/2

[Event "I Trofeo Antica Scuola Napoletana"]
[Site "Napoli "]
[Date "2013.03.07"]
[Round "3"]
[White "Condorelli, Pietro"]
[Black "Farina, Walter"]
[Result "1-0"]
[WhiteElo "1710"]
[BlackElo "1628"]
[PlyCount "101"]
[EventDate "2013.02.21"]
[EventType "swiss"]
[EventRounds "7"]
[EventCountry "ITA"]
[SourceDate "2005.09.12"]

1. e4 c5 2. Nf3 d6 3. Bb5+ Bd7 4. Bxd7+ Nxd7 5. O-O g6 6. c3 Ngf6 7. Re1 Bg7 8.
d4 cxd4 9. Nxd4 O-O 10. f4 Qb6 11. Kh1 e5 12. Nb3 Rfe8 13. Na3 Rac8 14. Be3 Nc5
15. Nc4 Qa6 16. Nxd6 Red8 17. Nxc5 Rxc5 18. Bxc5 Ne8 19. fxe5 Bxe5 20. Qe2 Qc6
21. Qb5 Nxd6 22. Qxc6 bxc6 23. Bxd6 Rxd6 24. Rad1 Rf6 25. Rd8+ Kg7 26. Rd7 Rf2
27. Rb7 Kh6 28. g3 Kg5 29. Kg1 Rd2 30. Rb1 h5 31. Rxf7 h4 32. gxh4+ Kxh4 33.
Rh7+ Kg4 34. h3+ Kf3 35. Re7 Rg2+ 36. Kf1 Rf2+ 37. Ke1 Re2+ 38. Kd1 Bf4 39. Rd7
Kf2 40. e5 Re1+ 41. Kc2 Re2+ 42. Kb3 Rxe5 43. Rxa7 Rb5+ 44. Kc4 Be3 45. Rf7+
Kg3 46. Kd3 Bf4 47. Rg1+ Kf2 48. Rxg6 Rd5+ 49. Kc4 Ke3 50. Rxc6 Ra5 51. Re6+
1-0

[Event "I Trofeo Antica Scuola Napoletana"]
[Site "Napoli "]
[Date "2013.03.07"]
[Round "3"]
[White "De Meo, Guido"]
[Black "Caporali, Dante"]
[Result "1-0"]
[WhiteElo "1800"]
[BlackElo "1729"]
[PlyCount "145"]
[EventDate "2013.02.21"]
[EventType "swiss"]
[EventRounds "7"]
[EventCountry "ITA"]
[SourceDate "2005.09.12"]

1. d4 Nf6 2. c4 g6 3. g3 Bg7 4. Bg2 O-O 5. Nc3 d6 6. Nf3 c6 7. O-O Nbd7 8. Bf4
Nb6 9. b3 Re8 10. Qc2 Bf5 11. e4 Nxe4 12. Nxe4 d5 13. Nh4 Bxe4 14. Bxe4 dxe4
15. Qxe4 Qxd4 16. Qe2 Qd8 17. Rad1 Qc8 18. Nf3 e6 19. Bg5 h6 20. Bf4 Nd7 21.
Qd2 g5 22. Bxg5 hxg5 23. Qxd7 Bf6 24. Qxc8 Raxc8 25. Rd7 Rb8 26. Rfd1 Red8 27.
h3 Kf8 28. Rxd8+ Rxd8 29. Rxd8+ Bxd8 30. Ne5 Ke7 31. Kg2 f6 32. Nd3 b6 33. f3
c5 34. f4 gxf4 35. gxf4 Kf7 36. Kf3 Bc7 37. Nf2 a6 38. Ne4 Kg6 39. Ng3 Kg7 40.
Kg4 Bd8 41. f5 e5 42. Ne4 Be7 43. Nc3 Bd8 44. Ne4 Bc7 45. h4 Bd8 46. Ng3 Bc7
47. Kf3 b5 48. cxb5 axb5 49. Ke4 c4 50. bxc4 bxc4 51. a4 Bb6 52. Ne2 Bf2 53. a5
Bc5 54. a6 Bf2 55. Kd5 Kf7 56. Kxc4 Ba7 57. Kd5 Bf2 58. Nc3 Bd4 59. Ne4 Kg7 60.
Nd6 Kh6 61. Ne8 Kh5 62. Ke4 Kxh4 63. Nxf6 Kg5 64. Nd5 Kh6 65. Nc7 Kg7 66. Nb5
Bf2 67. a7 Bxa7 68. Nxa7 Kf6 69. Nc6 Kf7 70. Kxe5 Kf8 71. Ke6 Ke8 72. Ne7 Kf8
73. Ng6+ 1-0

[Event "I Trofeo Antica Scuola Napoletana"]
[Site "Napoli "]
[Date "2013.03.07"]
[Round "3"]
[White "Esposito, Luca"]
[Black "Radice, Mario"]
[Result "1-0"]
[WhiteElo "2285"]
[BlackElo "1913"]
[PlyCount "49"]
[EventDate "2013.02.21"]
[EventType "swiss"]
[EventRounds "7"]
[EventCountry "ITA"]
[SourceDate "2005.09.12"]

1. d4 Nf6 2. c4 g6 3. Nc3 d5 4. Nf3 Bg7 5. Qb3 dxc4 6. Qxc4 O-O 7. e4 a6 8. Be2
b5 9. Qb3 c5 10. dxc5 Qc7 11. Be3 Nbd7 12. e5 Nxe5 13. Nxe5 Qxe5 14. Bf3 Be6
15. Qb4 Rac8 16. O-O Nd5 17. Nxd5 Bxd5 18. Bxd5 Qxd5 19. Rfd1 Qc6 20. Rd2 Rfd8
21. Rad1 Rxd2 22. Qxd2 e6 23. b4 Bf6 24. Bg5 Rd8 25. Bxf6 1-0

[Event "I Trofeo Antica Scuola Napoletana"]
[Site "Napoli "]
[Date "2013.03.07"]
[Round "3"]
[White "Messina, Enrico"]
[Black "Seletsky, Grigory"]
[Result "1-0"]
[WhiteElo "2222"]
[BlackElo "2337"]
[PlyCount "87"]
[EventDate "2013.02.21"]
[EventType "swiss"]
[EventRounds "7"]
[EventCountry "ITA"]
[SourceDate "2005.09.12"]

1. e4 e6 2. d4 d5 3. Nd2 Nf6 4. e5 Nfd7 5. f4 c5 6. c3 Nc6 7. Ndf3 Rb8 8. Bd3
Be7 9. Ne2 b5 10. O-O b4 11. Kh1 O-O 12. Ng5 g6 13. Rf3 bxc3 14. bxc3 cxd4 15.
cxd4 Kg7 16. Rh3 Rh8 17. Be3 h6 18. Nxf7 Kxf7 19. Bxg6+ Kf8 20. f5 Bg5 21. fxe6
Ndxe5 22. dxe5 Nxe5 23. Bc5+ Kg7 24. Bh5 Bxe6 25. Rg3 Qc7 26. Nf4 Bg8 27. Bd4
Rb4 28. Ng6 Rxd4 29. Qxd4 Bf7 30. Qxe5+ Qxe5 31. Nxe5 Bxh5 32. h4 Kf6 33. Nd7+
Ke7 34. hxg5 Kxd7 35. Rh3 Bg4 36. Rxh6 Rg8 37. g6 Bf5 38. Rh7+ Kd6 39. Rxa7
Bxg6 40. Ra6+ Kc5 41. Rc1+ Kb4 42. Rcc6 Be4 43. Rab6+ Ka5 44. Rb2 1-0

[Event "I Trofeo Antica Scuola Napoletana"]
[Site "Napoli "]
[Date "2013.03.07"]
[Round "3"]
[White "Parente, Giuseppe"]
[Black "Cosenza, Gianni"]
[Result "0-1"]
[WhiteElo "1744"]
[BlackElo "1957"]
[PlyCount "72"]
[EventDate "2013.02.21"]
[EventType "swiss"]
[EventRounds "7"]
[EventCountry "ITA"]
[SourceDate "2005.09.12"]

1. Nf3 d5 2. e3 Nc6 3. b3 e5 4. d3 Bd6 5. Bb2 Nf6 6. Be2 O-O 7. O-O Qe7 8. Nbd2
Bf5 9. Nh4 Be6 10. Nhf3 Rad8 11. c4 dxc4 12. dxc4 Bg4 13. a3 a5 14. Ne1 Bf5 15.
Qc1 Bc5 16. g3 Rd7 17. Ng2 Rfd8 18. Rd1 Bd3 19. Bxd3 Rxd3 20. Qc2 Qd7 21. Bc1
Qh3 22. Ne1 R3d7 23. Bb2 Qg4 24. Ndf3 Rxd1 25. Rxd1 Rxd1 26. Kg2 Rd8 27. h3 Qg6
28. Qc3 Ne4 29. Qc1 f6 30. Nh4 Qh5 31. Nef3 Ng5 32. g4 Qh6 33. Qc2 Nxf3 34.
Nxf3 Qg6 35. Qc1 Qd3 36. Ne1 Qxb3 0-1

[Event "I Trofeo Antica Scuola Napoletana"]
[Site "Napoli "]
[Date "2013.03.07"]
[Round "3"]
[White "Rosato, Luciano"]
[Black "Di Meo, Antonio"]
[Result "1/2-1/2"]
[WhiteElo "2212"]
[BlackElo "1913"]
[PlyCount "68"]
[EventDate "2013.02.21"]
[EventType "swiss"]
[EventRounds "7"]
[EventCountry "ITA"]
[SourceDate "2005.09.12"]

1. g3 g5 2. d4 h6 3. Bg2 Bg7 4. c4 c5 5. d5 d6 6. Nc3 Nf6 7. e4 g4 8. f4 gxf3
9. Nxf3 Bg4 10. O-O Nbd7 11. Qa4 Bxf3 12. Bxf3 Kf8 13. Bf4 Nb6 14. Qb3 Nfd7 15.
Ne2 Ne5 16. Bxe5 Bxe5 17. Bh5 Bf6 18. Rf5 Nd7 19. Raf1 Rb8 20. Nf4 b5 21. Nd3
Qc7 22. Qc2 bxc4 23. Qxc4 Nb6 24. Qc2 Nd7 25. b3 a5 26. Nb2 Ne5 27. Nc4 Nxc4
28. bxc4 Rb2 29. Qxb2 Bxb2 30. Rxf7+ Kg8 31. Bg4 Bg7 32. Be6 Kh7 33. Bf5+ Kg8
34. Be6 Kh7 1/2-1/2

[Event "I Trofeo Antica Scuola Napoletana"]
[Site "Napoli "]
[Date "2013.03.07"]
[Round "3"]
[White "Solombrino, Giovanni"]
[Black "Cocchia, Umberto"]
[Result "1/2-1/2"]
[WhiteElo "1857"]
[BlackElo "1891"]
[PlyCount "27"]
[EventDate "2013.02.21"]
[EventType "swiss"]
[EventRounds "7"]
[EventCountry "ITA"]
[SourceDate "2005.09.12"]

1. e4 d5 2. exd5 Nf6 3. d4 Nxd5 4. Nf3 g6 5. Be2 Bg7 6. O-O Nc6 7. Na3 O-O 8.
Nc4 Nb6 9. c3 Nxc4 10. Bxc4 e5 11. Bg5 Qd6 12. dxe5 Qxd1 13. Raxd1 Bg4 14. Bf4
1/2-1/2

[Event "I Trofeo Antica Scuola Napoletana"]
[Site "Napoli "]
[Date "2013.03.07"]
[Round "3"]
[White "Somma, Andrea"]
[Black "Esposito, Pino"]
[Result "1/2-1/2"]
[WhiteElo "1923"]
[BlackElo "1801"]
[PlyCount "128"]
[EventDate "2013.02.21"]
[EventType "swiss"]
[EventRounds "7"]
[EventCountry "ITA"]
[SourceDate "2005.09.12"]

1. e4 c5 2. Nf3 d6 3. d4 cxd4 4. Nxd4 Nf6 5. Nc3 a6 6. Bc4 e6 7. Bb3 Be7 8. Be3
Qc7 9. f4 Nc6 10. Qf3 Bd7 11. g4 h6 12. O-O-O Na5 13. h4 Rc8 14. g5 Ng8 15. Kb1
b5 16. g6 Nxb3 17. gxf7+ Kxf7 18. cxb3 b4 19. Nce2 Qb7 20. Rhg1 Nf6 21. Ng3 g6
22. Rde1 Qc7 23. h5 Rcg8 24. hxg6+ Kf8 25. Nh5 Nxh5 26. Qxh5 Bf6 27. f5 e5 28.
Bxh6+ Ke7 29. Nf3 Qc8 30. Ng5 Bxf5 31. exf5 Qxf5+ 32. Ka1 Rxg6 33. Bf8+ Rxf8
34. Qh7+ Bg7 35. Qh1 Rxg5 36. Qb7+ Ke6 37. Qxa6 Rxg1 38. Rxg1 Qe4 39. a4 bxa3
40. Rxg7 axb2+ 41. Kxb2 Qd4+ 42. Kb1 Qe4+ 43. Kb2 Ra8 44. Qc4+ Qxc4 45. bxc4
Rf8 46. Kc3 Rf3+ 47. Kb4 e4 48. Rg1 e3 49. Re1 Ke5 50. c5 dxc5+ 51. Kxc5 Ke4
52. Kc4 Rf2 53. Kc3 Rd2 54. Rf1 Rd5 55. Rf8 e2 56. Re8+ Kf3 57. Rf8+ Ke3 58.
Re8+ Kf2 59. Rf8+ Ke1 60. Ra8 Rd1 61. Kc2 Kf2 62. Rf8+ Ke3 63. Re8+ Kf2 64.
Rf8+ Ke3 1/2-1/2

[Event "I Trofeo Antica Scuola Napoletana"]
[Site "Napoli "]
[Date "2013.03.07"]
[Round "3"]
[White "Zinnai, Graziano Matteo"]
[Black "Schiappoli, Dario"]
[Result "1/2-1/2"]
[WhiteElo "2040"]
[BlackElo "1922"]
[PlyCount "145"]
[EventDate "2013.02.21"]
[EventType "swiss"]
[EventRounds "7"]
[EventCountry "ITA"]
[SourceDate "2005.09.12"]

1. e4 c5 2. Nf3 d6 3. c3 Nf6 4. Be2 Bd7 5. d3 g6 6. O-O Bg7 7. Nbd2 Qc7 8. Re1
Bc6 9. Nf1 O-O 10. Ng3 Nbd7 11. Qc2 Rfc8 12. h3 Rab8 13. Be3 b5 14. Rac1 Qb7
15. Qd2 c4 16. Nd4 cxd3 17. Nxc6 Rxc6 18. Qxd3 Ne5 19. Qc2 Nfd7 20. Bd4 b4 21.
Qd2 bxc3 22. Bxc3 Nb6 23. b3 Rbc8 24. Bb2 Qc7 25. Bb5 Rc2 26. Rxc2 Qxc2 27. Re2
Qb1+ 28. Kh2 Qxa2 29. f4 Qxb3 30. Ba6 Nec4 31. Qc2 Qxc2 32. Rxc2 Rc5 33. Bc1
Na5 34. Rxc5 dxc5 35. Be3 Bd4 36. Bc1 Nb3 37. Ba3 c4 38. Bxe7 Nc5 39. Bb5 c3
40. Ne2 Be3 41. Nxc3 Bxf4+ 42. g3 Be3 43. Kg2 Bd4 44. Ne2 Ne6 45. Nxd4 Nxd4 46.
Bd3 Nc6 47. Bc5 Nd7 48. Be3 Nde5 49. Bb5 Kf8 50. Bc5+ Kg7 51. Kf2 Kf6 52. g4 a5
53. Kg3 Ke6 54. Ba4 Nd3 55. Be3 Kd6 56. Kh4 f6 57. Bd2 Nc5 58. Bc2 Nd4 59. Bd1
a4 60. Bb4 Ndb3 61. g5 fxg5+ 62. Kxg5 Ke5 63. Kh6 Nxe4 64. Kxh7 g5 65. Kg6 Nf2
66. Bg4 Nxg4 67. hxg4 Kf4 68. Kh5 Nd4 69. Bd6+ Ke4 70. Kxg5 Nf3+ 71. Kf6 Kd5
72. Ba3 Ke4 73. Bb4 1/2-1/2

[Event "I Trofeo Antica Scuola Napoletana"]
[Site "Napoli "]
[Date "2013.03.14"]
[Round "4"]
[White "Auletta, Angelo"]
[Black "Rosato, Luciano"]
[Result "1/2-1/2"]
[WhiteElo "2197"]
[BlackElo "2212"]
[PlyCount "115"]
[EventDate "2013.02.21"]
[EventType "swiss"]
[EventRounds "7"]
[EventCountry "ITA"]
[SourceDate "2005.09.12"]

1. e4 d6 2. d4 g6 3. Nc3 Bg7 4. Be3 a6 5. Qd2 b5 6. O-O-O Bb7 7. f3 Nd7 8. g4
Rc8 9. h4 h6 10. Bh3 Nb6 11. b3 b4 12. Nce2 e6 13. Ng3 Ne7 14. N1e2 a5 15. Kb1
a4 16. Qxb4 axb3 17. cxb3 O-O 18. Qd2 Kh7 19. h5 g5 20. f4 f6 21. Rhf1 Qd7 22.
Nc3 Ba6 23. Rf2 Rb8 24. Ka1 c6 25. Bf1 Qb7 26. Bxa6 Qxa6 27. f5 e5 28. dxe5
dxe5 29. Qd3 Qa5 30. Rc2 Nec8 31. Nb1 Ra8 32. Qc3 Qa6 33. Qxc6 Rf7 34. Rd8 Rfa7
35. Nc3 Qa5 36. Qe8 Qxc3+ 37. Rxc3 Rxa2+ 38. Kb1 Ra1+ 39. Kc2 R8a2+ 40. Kd3
Rd1+ 41. Bd2 Raxd2+ 42. Ke3 Rxd8 43. Qb5 Bf8 44. Ne2 Ba3 45. Rc7+ Kg8 46. Qc6
R1d6 47. Qb7 R8d7 48. Rxd7 Rxd7 49. Qc6 Kg7 50. Nc3 Bb2 51. Na4 Bd4+ 52. Ke2
Ra7 53. Qe8 Ne7 54. Kd3 Nxa4 55. bxa4 Rc7 56. a5 Rc3+ 57. Ke2 Rc7 58. a6
1/2-1/2

[Event "I Trofeo Antica Scuola Napoletana"]
[Site "Napoli "]
[Date "2013.03.14"]
[Round "4"]
[White "Condorelli, Pietro"]
[Black "Solombrino, Giovanni"]
[Result "1-0"]
[WhiteElo "1710"]
[BlackElo "1857"]
[PlyCount "63"]
[EventDate "2013.02.21"]
[EventType "swiss"]
[EventRounds "7"]
[EventCountry "ITA"]
[SourceDate "2005.09.12"]

1. e4 c5 2. Nf3 Nc6 3. Bb5 g6 4. O-O Bg7 5. c3 Nf6 6. Re1 O-O 7. d4 cxd4 8. e5
Nd5 9. cxd4 d6 10. Nc3 dxe5 11. Bxc6 bxc6 12. Nxe5 Bb7 13. Na4 Qc7 14. Nc5 Rad8
15. Nxb7 Qxb7 16. Qg4 Nf6 17. Qf3 Nd5 18. b3 Nb4 19. Re2 Rxd4 20. Bb2 Rd5 21.
a3 Bxe5 22. Bxe5 Nd3 23. Bg3 Rfd8 24. b4 f6 25. h3 Qd7 26. Kh2 Rf5 27. Qe3 Kf7
28. Rd1 e5 29. Red2 e4 30. Qxe4 Rd5 31. Qc4 Qf5 32. Rxd3 1-0

[Event "I Trofeo Antica Scuola Napoletana"]
[Site "Napoli "]
[Date "2013.03.14"]
[Round "4"]
[White "Cosenza, Gianni"]
[Black "De Meo, Guido"]
[Result "1-0"]
[WhiteElo "1957"]
[BlackElo "1800"]
[PlyCount "45"]
[EventDate "2013.02.21"]
[EventType "swiss"]
[EventRounds "7"]
[EventCountry "ITA"]
[SourceDate "2005.09.12"]

1. e4 c5 2. Nf3 d6 3. d4 cxd4 4. Nxd4 Nf6 5. Nc3 a6 6. Bg5 e6 7. f4 Be7 8. Qe2
O-O 9. O-O-O h6 10. h4 Nc6 11. e5 Nd5 12. Nxd5 exd5 13. exd6 Bxg5 14. hxg5 Qxd6
15. Qf3 Re8 16. Nb3 Rd8 17. gxh6 gxh6 18. Rh5 Ne7 19. Bd3 f5 20. Rdh1 Be6 21.
Rxh6 Kf8 22. Nd4 Nc6 23. Nxe6+ 1-0

[Event "I Trofeo Antica Scuola Napoletana"]
[Site "Napoli "]
[Date "2013.03.14"]
[Round "4"]
[White "Di Meo, Antonio"]
[Black "Buiano, Fabio"]
[Result "0-1"]
[WhiteElo "1913"]
[BlackElo "2036"]
[PlyCount "108"]
[EventDate "2013.02.21"]
[EventType "swiss"]
[EventRounds "7"]
[EventCountry "ITA"]
[SourceDate "2005.09.12"]

1. g4 b6 2. Bg2 Nc6 3. d3 Bb7 4. c4 e5 5. Nc3 Bb4 6. Bd2 Nge7 7. a3 Bxc3 8.
Bxc3 d6 9. e3 Qc8 10. Qf3 O-O 11. Ne2 f5 12. g5 Qe6 13. Qh3 Qf7 14. Bd2 Rae8
15. b3 a5 16. Rc1 Bc8 17. b4 axb4 18. axb4 f4 19. Qf3 fxe3 20. Qxf7+ Rxf7 21.
fxe3 Ref8 22. Bd5 Nxd5 23. cxd5 Nd8 24. e4 Ba6 25. Rc3 Rf3 26. Nc1 R8f7 27. Ra3
Bb5 28. Ra8 Rf8 29. Rc8 Bxd3 30. Nxd3 Rxd3 31. Rxc7 Rd4 32. g6 Rxe4+ 33. Kd1
Rg4 34. gxh7+ Kxh7 35. h4 Rf3 36. h5 Nf7 37. h6 g5 38. Rh5 Rf5 39. Bxg5 Rgxg5
40. Rxg5 Rxg5 41. Rxf7+ Kxh6 42. Rf6+ Rg6 43. Rf7 Rg4 44. Rd7 Rd4+ 45. Kc2 Rxd5
46. Rb7 b5 47. Rf7 Kg6 48. Rf8 Rd4 49. Kc3 Rc4+ 50. Kb3 e4 51. Rf4 Kg5 52. Rf8
e3 53. Rf3 Re4 54. Kc3 e2 0-1

[Event "I Trofeo Antica Scuola Napoletana"]
[Site "Napoli "]
[Date "2013.03.14"]
[Round "4"]
[White "Esposito, Luca"]
[Black "Messina, Enrico"]
[Result "0-1"]
[WhiteElo "2285"]
[BlackElo "2222"]
[PlyCount "96"]
[EventDate "2013.02.21"]
[EventType "swiss"]
[EventRounds "7"]
[EventCountry "ITA"]
[SourceDate "2005.09.12"]

1. d4 Nf6 2. c4 c5 3. d5 b5 4. cxb5 a6 5. f3 e6 6. e4 exd5 7. e5 Qe7 8. Qe2 Ng8
9. Nc3 Bb7 10. Nh3 c4 11. Nf4 Qc5 12. Nfxd5 Bxd5 13. Be3 Qb4 14. a3 Qa5 15. Bd2
Qd8 16. Nxd5 axb5 17. Qe4 Nc6 18. Be3 Ra6 19. Rd1 Nge7 20. g3 Nxd5 21. Rxd5 Be7
22. Rxb5 c3 23. Rb3 Ra5 24. Rxc3 Rxe5 25. Qd3 O-O 26. Kf2 Re8 27. Bf4 Qb6+ 28.
Kg2 Re6 29. Rb3 Qa5 30. Qc3 Qa4 31. Bb5 Qa7 32. Be3 Qc7 33. Bf2 Bf6 34. Qc2 g6
35. Rd1 h5 36. Rbd3 Qb7 37. Bc4 R6e7 38. Rd6 Kg7 39. b4 Ne5 40. Bd5 Qb8 41. Rb6
Qd8 42. Ra6 d6 43. Be4 Rd7 44. Ra8 Qe7 45. Rxe8 Qxe8 46. a4 d5 47. Rxd5 Rxd5
48. Bxd5 h4 0-1

[Event "I Trofeo Antica Scuola Napoletana"]
[Site "Napoli "]
[Date "2013.03.14"]
[Round "4"]
[White "Esposito, Rosario"]
[Black "Zinnai, Graziano Matteo"]
[Result "0-1"]
[WhiteElo "1818"]
[BlackElo "2040"]
[PlyCount "62"]
[EventDate "2013.02.21"]
[EventType "swiss"]
[EventRounds "7"]
[EventCountry "ITA"]
[SourceDate "2005.09.12"]

1. d4 d5 2. c4 e6 3. Nc3 Nf6 4. Bg5 Be7 5. e3 c6 6. Nf3 Nbd7 7. Qc2 O-O 8. Bd3
h6 9. Bf4 dxc4 10. Bxc4 b5 11. Bd3 a6 12. e4 c5 13. e5 Nh5 14. Be3 cxd4 15.
Bxd4 Bb7 16. Be4 Bxe4 17. Qxe4 g6 18. O-O Ng7 19. Be3 Nf5 20. Rfd1 Qe8 21. Ne2
Nc5 22. Bxc5 Bxc5 23. Rac1 Qe7 24. a3 Rfd8 25. b4 Bb6 26. Ned4 Nxd4 27. Nxd4
Qd7 28. Nf3 Qxd1+ 29. Rxd1 Rxd1+ 30. Ne1 Rc8 31. Kf1 Rcc1 0-1

[Event "I Trofeo Antica Scuola Napoletana"]
[Site "Napoli "]
[Date "2013.03.14"]
[Round "4"]
[White "Farina, Walter"]
[Black "Radice, Mario"]
[Result "1-0"]
[WhiteElo "1628"]
[BlackElo "1913"]
[PlyCount "69"]
[EventDate "2013.02.21"]
[EventType "swiss"]
[EventRounds "7"]
[EventCountry "ITA"]
[SourceDate "2005.09.12"]

1. e4 e5 2. Nf3 Nc6 3. Bb5 Nf6 4. d3 Bb4+ 5. c3 Bc5 6. O-O d6 7. h3 O-O 8. Be3
Bb6 9. Ba4 Re8 10. Nbd2 d5 11. exd5 Nxd5 12. Bg5 Qd6 13. Nc4 Qg6 14. Nxb6 axb6
15. Kh2 Bf5 16. Bc2 h6 17. Bc1 Qh5 18. Rg1 Nf6 19. Nd2 Qh4 20. g4 Qxf2+ 21. Rg2
Qf4+ 22. Kh1 Bxd3 23. Bxd3 e4 24. Nxe4 Qe5 25. Nxf6+ Qxf6 26. g5 Qe6 27. Qg4
Qd5 28. gxh6 Re1+ 29. Kh2 g6 30. Bxg6 Ne5 31. Be4+ Nxg4+ 32. Rxg4+ Kf8 33. Bxd5
Rd8 34. c4 c6 35. h7 1-0

[Event "I Trofeo Antica Scuola Napoletana"]
[Site "Napoli "]
[Date "2013.03.14"]
[Round "4"]
[White "Schiappoli, Dario"]
[Black "Di Gennaro, Antonio"]
[Result "1-0"]
[WhiteElo "1922"]
[BlackElo "1660"]
[PlyCount "109"]
[EventDate "2013.02.21"]
[EventType "swiss"]
[EventRounds "7"]
[EventCountry "ITA"]
[SourceDate "2005.09.12"]

1. e4 c5 2. Nf3 d6 3. d4 cxd4 4. Nxd4 Nf6 5. Nc3 a6 6. Bc4 e6 7. Bb3 Nbd7 8.
Bg5 Nc5 9. a4 Nxb3 10. cxb3 Be7 11. O-O O-O 12. Qd3 Bd7 13. Rfd1 Rc8 14. f4 e5
15. Nf3 Qb6+ 16. Kf1 Ng4 17. Rd2 Bxg5 18. Nd5 Ne3+ 19. Qxe3 Qxe3 20. Nxe3 Bxf4
21. Rxd6 Be6 22. Nd5 Bxd5 23. Rxd5 Rfd8 24. Rad1 Rxd5 25. Rxd5 f6 26. g3 Bc1
27. Rd7 Rb8 28. Ke2 Bxb2 29. Kd3 Ba3 30. Nd2 b5 31. axb5 axb5 32. Rd5 Kf7 33.
Nb1 b4 34. Nd2 f5 35. Kc2 h5 36. Nc4 Ra8 37. Ra5 Rc8 38. Kb1 Rd8 39. Nxa3 bxa3
40. Rxa3 Rd2 41. Ra2 Rd4 42. Re2 Ke7 43. Kc2 Rd7 44. b4 Rc7+ 45. Kb3 Rd7 46.
Ka4 Kd8 47. Kb5 Rb7+ 48. Kc5 Rc7+ 49. Kb6 Kc8 50. b5 Rb7+ 51. Kc6 Rc7+ 52. Kd6
Ra7 53. Ke6 Kc7 54. Rc2+ Kd8 55. Kxf5 1-0

[Event "I Trofeo Antica Scuola Napoletana"]
[Site "Napoli "]
[Date "2013.03.14"]
[Round "4"]
[White "Seletsky, Grigory"]
[Black "Cocchia, Umberto"]
[Result "1-0"]
[WhiteElo "2337"]
[BlackElo "1891"]
[PlyCount "83"]
[EventDate "2013.02.21"]
[EventType "swiss"]
[EventRounds "7"]
[EventCountry "ITA"]
[SourceDate "2005.09.12"]

1. e4 d5 2. Nc3 dxe4 3. Nxe4 Bf5 4. Nc3 Bg6 5. Nf3 Nd7 6. h4 h6 7. h5 Bh7 8. d4
Ngf6 9. Bd3 Bxd3 10. Qxd3 e6 11. Bd2 c6 12. O-O-O Bd6 13. Ne4 Nxe4 14. Qxe4 Nf6
15. Qe2 Qc7 16. Kb1 O-O-O 17. c4 Rhe8 18. Bc3 c5 19. dxc5 Bxc5 20. Ne5 Rxd1+
21. Rxd1 Rd8 22. Rxd8+ Kxd8 23. f4 Ke7 24. g4 Nd7 25. Nxd7 Kxd7 26. Qd2+ Qd6
27. Qxd6+ Bxd6 28. Bxg7 Bxf4 29. Bf6 e5 30. Kc2 Ke6 31. Bh4 f5 32. gxf5+ Kxf5
33. Kd3 Kg4 34. Bf2 b6 35. Ke4 Kxh5 36. b4 Kg6 37. b5 Kf6 38. c5 bxc5 39. Bxc5
Ke6 40. Bxa7 h5 41. b6 Kd7 42. b7 1-0

[Event "I Trofeo Antica Scuola Napoletana"]
[Site "Napoli "]
[Date "2013.03.14"]
[Round "4"]
[White "Taurisano, Vincenzo"]
[Black "Parente, Giuseppe"]
[Result "1/2-1/2"]
[WhiteElo "1854"]
[BlackElo "1744"]
[PlyCount "133"]
[EventDate "2013.02.21"]
[EventType "swiss"]
[EventRounds "7"]
[EventCountry "ITA"]
[SourceDate "2005.09.12"]

1. e4 e5 2. Bc4 Nf6 3. d4 exd4 4. Qxd4 Qe7 5. Nc3 Nc6 6. Qe3 Ne5 7. Bb3 Qc5 8.
Qg3 Nh5 9. Qg5 Be7 10. Be3 Bxg5 11. Bxc5 Nf4 12. Kf1 Ne6 13. Bxe6 dxe6 14. g3
Nd7 15. Ba3 a6 16. f4 Bd8 17. Nf3 c5 18. b3 b5 19. Bb2 O-O 20. Rd1 Nf6 21. e5
Ng4 22. Bc1 Bb7 23. Ke2 Ba5 24. Nb1 Rad8 25. h3 Nh6 26. g4 Be4 27. Na3 Bb4 28.
Ke3 Bxa3 29. Kxe4 Bxc1 30. Rxc1 Rd7 31. Rcd1 Rfd8 32. Rxd7 Rxd7 33. Rh2 f6 34.
Rd2 Rxd2 35. Nxd2 f5+ 36. gxf5 Nxf5 37. Nf3 h6 38. c3 Kf7 39. Ne1 Kg6 40. Nd3
c4 41. Nc5 Kf7 42. bxc4 bxc4 43. Nxa6 Ne7 44. Nb4 Ke8 45. a4 Kd8 46. Nc2 Nd5
47. a5 Nxc3+ 48. Kd4 Ne2+ 49. Kxc4 Nxf4 50. a6 Kc7 51. Nd4 Kb6 52. a7 Kxa7 53.
Kc5 Nxh3 54. Nxe6 g5 55. Kd4 Kb6 56. Ng7 Nf4 57. Ke4 Kc6 58. Nf5 h5 59. Nd4+
Kd7 60. Kf5 Nh3 61. Nf3 g4 62. Nh4 Ke7 63. Kg6 Nf2 64. Kxh5 Ke6 65. Ng2 Kxe5
66. Kh4 Kf5 67. Ne3+ 1/2-1/2

[Event "I Trofeo Antica Scuola Napoletana"]
[Site "Napoli "]
[Date "2013.03.21"]
[Round "5"]
[White "Accardo, Francesco"]
[Black "Esposito, Rosario"]
[Result "0-1"]
[WhiteElo "1863"]
[BlackElo "1818"]
[PlyCount "42"]
[EventDate "2013.02.21"]
[EventType "swiss"]
[EventRounds "7"]
[EventCountry "ITA"]
[SourceDate "2005.09.12"]

1. g4 d5 2. Bg2 e5 3. h3 Be6 4. c4 c6 5. d4 Bd6 6. dxe5 Bxe5 7. Nf3 Bc7 8. cxd5
Bxd5 9. Bd2 Ne7 10. O-O Qd6 11. Re1 Bxf3 12. Bxf3 Qh2+ 13. Kf1 Qxh3+ 14. Bg2
Qxg4 15. Qb3 Bb6 16. e4 O-O 17. a4 Nd7 18. a5 Bd4 19. Qd3 c5 20. Bc3 Qh4 21. f4
Qf2# 0-1

[Event "I Trofeo Antica Scuola Napoletana"]
[Site "Napoli "]
[Date "2013.03.21"]
[Round "5"]
[White "Buiano, Fabio"]
[Black "Farina, Walter"]
[Result "1-0"]
[WhiteElo "2036"]
[BlackElo "1628"]
[PlyCount "65"]
[EventDate "2013.02.21"]
[EventType "swiss"]
[EventRounds "7"]
[EventCountry "ITA"]
[SourceDate "2005.09.12"]

1. e4 c5 2. Nf3 d6 3. d4 cxd4 4. Qxd4 Nc6 5. Bb5 Bd7 6. Bxc6 Bxc6 7. Nc3 Nf6 8.
Bg5 Qa5 9. O-O Qc5 10. Rfe1 Qxd4 11. Nxd4 Nd7 12. b4 Nb8 13. b5 Bd7 14. Nd5 Kd8
15. a4 h6 16. Bh4 g5 17. Bg3 Bg7 18. Rad1 Bxd4 19. Rxd4 Be6 20. e5 Nd7 21. exd6
Rc8 22. dxe7+ Ke8 23. c4 b6 24. Bd6 Bxd5 25. cxd5 h5 26. Rdd1 Rh6 27. Ba3 Rc3
28. Rc1 Rxc1 29. Rxc1 Nc5 30. Bxc5 bxc5 31. Rxc5 Kxe7 32. Rc7+ Kd6 33. Rc6+ 1-0

[Event "I Trofeo Antica Scuola Napoletana"]
[Site "Napoli "]
[Date "2013.03.21"]
[Round "5"]
[White "Caporali, Dante"]
[Black "Gonzini, Gianmaria"]
[Result "0-1"]
[WhiteElo "1729"]
[BlackElo "1984"]
[PlyCount "72"]
[EventDate "2013.02.21"]
[EventType "swiss"]
[EventRounds "7"]
[EventCountry "ITA"]
[SourceDate "2005.09.12"]

1. d4 e6 2. c4 b6 3. Nc3 Bb7 4. e3 Nf6 5. Nf3 Bb4 6. Bd3 Bxc3+ 7. bxc3 O-O 8.
O-O d6 9. Re1 Nbd7 10. e4 e5 11. Bg5 Re8 12. Qc2 Qe7 13. h3 Qf8 14. Bxf6 Nxf6
15. Rad1 Nd7 16. Nd2 g6 17. Qb1 a5 18. a4 Bc6 19. Bc2 Qg7 20. d5 Bb7 21. Nb3
Ba6 22. Bd3 Rf8 23. Qc2 f6 24. Qe2 Rf7 25. f3 f5 26. Rf1 f4 27. Qf2 Qh6 28. Kh2
Bc8 29. Rg1 Nf6 30. Nc1 Bd7 31. Bc2 Raf8 32. Ne2 Kh8 33. Rdf1 g5 34. Qe1 g4 35.
fxg4 Nxg4+ 36. Kh1 Ne3 0-1